Alle Pokémon mit "V" - Statistiken

Allgemein
  • Dieses Quiz wurde 149 mal gespielt
  • Das Durchschnittsergebnis liegt bei 17 aus 28
Antwortstatistiken
Typ Pokémon % Korrekt
Pflanze 🌿 Venuflibis
75%
Drache 🐲 Viscargot
75%
Drache 🐲 Viscogon
75%
Gestein / Stahl Voluminas
75%
Feuer 🔥 Vulnona
75%
Feuer 🔥 Vulpix
75%
Normal / Kampf Velursi
71%
Psycho / Feuer Victini
71%
Drache 🐲 Viscora
71%
Elektro ⚡ Voltriant
71%
Feuer / Wasser Volcanion
68%
Elektro ⚡ Voltobal
68%
Boden / Drache Vibrava
64%
Käfer / Flug Vivillon
64%
Elektro / Flug Voltrean
64%
Elektro / Flug Voltolos
61%
Elektro / Flug Voltrel
61%
Elektro ⚡ Voltenso
57%
Elektro ⚡ Voltilamm
57%
Käfer / Elektro Voltula
57%
Gift ☠ Venicro
54%
Psycho 🧠 Vesprit
54%
Elektro ⚡ Voldi
54%
Käfer 🐛 Volbeat
50%
Pflanze / Kampf Viridium
46%
Gift ☠ Vipitis
43%
Pflanze 🌿 Vegichita
25%
Pflanze 🌿 Vegimak
25%
Keine übereinstimmenden Quizze gefunden
Verteilung der Resultate
Anzahl Personen mit jedem Resultat
Perzentil nach korrekt beantworteten Fragen
Ihre Resultats-Entwicklung
Sie haben dieses Quiz noch nicht gespielt